| 000 | 00845nam a22002297a 4500 | ||
|---|---|---|---|
| 999 |
_c8220 _d8220 |
||
| 003 | AR-CdUCM | ||
| 008 | 190322b ||||| |||| 00| 0 spa d | ||
| 020 | _a84-205-0807-1 | ||
| 040 |
_aMUNICIPALIDAD PROVINCIAL DEL CUSCO _cBIBLIOTECA MUNICIPAL DEL CUSCO |
||
| 082 |
_a709.46 / _bF86 |
||
| 100 |
_aFreijeiro, Blanco _923152 |
||
| 245 |
_aHistoria del Arte Hispánico : _bI La antigüedad.2 / |
||
| 260 |
_aMadrid : _bAlhambra, _c1978. |
||
| 300 |
_a1845 paginas ; _c23 cm. |
||
| 440 |
_aHistoria del Arte Hispanico _923153 |
||
| 505 | _aContenido :La colonización griega y el arte griego en España --Arquitectura Ibérica --La escultura Ibérica --La cerámica griega --Las artes Ibéricas del metal ... | ||
| 650 |
_aArte español _91648 |
||
| 650 |
_aHistoria _943868 |
||
| 650 |
_aEspaña _9176 |
||
| 942 |
_2ddc _cLIBROS |
||
| 945 | _arjall | ||